Cambridge Ielts 4 Tài liệu luyện thi Ielts
v.v...
Đã lưu trong:
| Tác giả chính: | |
|---|---|
| Định dạng: | Sách |
| Năm xuất bản: |
Anh.
Cambridge University
2005
|
| Chủ đề: | |
| Tags: |
Thêm thẻ
Không có thẻ, Hãy là người đầu tiên gắn thẻ bản ghi này!
|
| LEADER | 00620nam a2200169 4500 | ||
|---|---|---|---|
| 082 | |a 420.76 |b C104b | ||
| 100 | |a Minh Quân | ||
| 245 | |a Cambridge Ielts 4 |b Tài liệu luyện thi Ielts |c Minh Quân giới thiệu | ||
| 260 | |a Anh. |b Cambridge University |c 2005 | ||
| 300 | |a 176tr. |c 23cm | ||
| 520 | |a v.v... | ||
| 653 | |a Ngôn ngữ | ||
| 653 | |a Tiếng anh | ||
| 653 | |a Sách luyện thi | ||
| 942 | |2 ddc |c SH | ||
| 999 | |c 11659 |d 11659 | ||
| 952 | |0 0 |1 0 |2 ddc |4 0 |6 420_760000000000000_C104B |7 0 |8 400 |9 99966 |a qbu |b qbu |c D4 |d 2015-11-27 |g 30000 |l 1 |o 420.76 C104b |p 4231.c1 |r 2017-06-28 |s 2017-06-28 |w 2015-11-27 |y SH |0 0 |6 420_760000000000000_C104B | ||